000 00783nam a2200205 a 4500
001 000025944
005 20200930024155.0
008 110224s1972 mx r 000 0 spa d
040 _aDO-SdBNP
_bspa
_cBNPHU
041 1 7 _aspa
_heng
_2Código de idiomas MARC
082 _ann*
_bnn*
100 1 _aWilson, O. W.
_952809
240 1 0 _aPolice records.
_lEspañol
245 1 0 _aArchivos policiacos :
_bsu organización y utilidad /
_cO. W. Wilson ; traducción de Emilio Avila de la Torre.
260 _aMéxico, D. F. :
_bLimusa-Wiley ;
_bCentro Regional de Ayuda Técnica. Agencia para el Desarrollo Internacional,
_c1972.
300 _a388 p. ;
_c23 cm.
534 _aTítulo de la obra en inglés :
_tPolice records
700 1 _aAvila de la Torre, Emilio,
_etr.
_934981
049 _aBNGR
999 _c25436
_d25436